| 000 | 00709nam a22002417a 4500 | ||
|---|---|---|---|
| 001 | 8418 | ||
| 003 | FISKH | ||
| 005 | 20250910162056.0 | ||
| 008 | 250910b cb ||||| |||| 00| 0 eng d | ||
| 020 | _a9781592496921 | ||
| 040 |
_aFISKH _beng _cFISKH _dFISKH |
||
| 050 | _aPZ8.3 .H88557 | ||
| 082 | _a398.8 | ||
| 100 | _aAnonymous | ||
| 245 | _aHumpty Dumpty and other classic rhymes / | ||
| 260 |
_aNorwalk : _bLittle Soundprints, _c2007. |
||
| 300 |
_a24 unnumbered pages : _bcolor illustrations ; _c26 cm |
||
| 505 | _aNP | ||
| 520 | _aA collection of five familiar Mother Goose rhymes designed especially for sleepyheads at bedtime. | ||
| 650 | _aRhymes | ||
| 942 |
_2ddc _cBK _n0 |
||
| 999 |
_c8418 _d8418 |
||